| 000 | 00609nam a22001817a 4500 | ||
|---|---|---|---|
| 999 |
_c263581 _d263580 |
||
| 003 | OSt | ||
| 005 | 20240507133726.0 | ||
| 008 | 240507b xxu||||| |||| 00| 0 eng d | ||
| 010 | _a99183706 | ||
| 020 | _a9211313287 (v. 3) | ||
| 040 | _c DLC | ||
| 050 |
_a HT241 _b .E58 1997 |
||
| 245 | _a Environmental planning and management (EPM) source book. | ||
| 260 |
_aNairobi, Kenya : _b United Nations Centre for Human Settlements : _b United Nations Environment Programme, _c c1997. |
||
| 300 |
_a3 v. : _bill. (some col.) ; _c25 cm. |
||
| 500 | _aThe urban environment forum directory. | ||
| 942 |
_2lcc _cBK |
||